| 000 | 00639cam a2200181 i 4500 | ||
|---|---|---|---|
| 005 | 20251208124224.0 | ||
| 008 | 250721s1992 ua gr 000 0 ara d | ||
| 082 | 1 | 4 |
_a215.290956613 _bع ب د |
| 100 | 1 |
_aالمسند، عبد الله بن علي _eمؤلف. |
|
| 245 | 1 | 2 |
_aالعلويون في الحجاز 132-203هـ / _cدكتور عبدالله بن علي المسند . |
| 250 | _aالطبعة الأولى. | ||
| 264 | 3 | 1 |
_aالقاهرة : _bدار المنار، _c1992. |
| 300 | _a295 صفحه. | ||
| 650 | 1 | 7 | _aالعلويون. |
| 650 | 1 | 7 | _aالعباسيون 750-1258. |
| 942 |
_2ddc _cBK |
||
| 999 |
_c6126 _d6126 |
||